000 00828nam a2200217 a 4500
999 _c10540
_d10540
003 BD-JhCC
005 20180529115732.0
008 180301s2013 a|||| ||a| 000 0 d
035 _a(BD-JhCC)
040 _aBD-JhCC
_dBD-JhCC
041 _aben
082 _a540
_bKAB 2013
100 _aকবীর,আহসানুল.
245 _aরসায়ন প্রথম পত্র একাদশ-দ্বাদশ শ্রেণি /
_cড.গাজী মোঃ আহসানুল কবীর ও ড. মো: রবিউল ইসলাম
260 _aঢাকা:
_bএ্যাবাকাস পাবলিকেশন্স;
_c2013.
300 _a264 p. :
_bill;
_c24 cm.
651 _achemistry.
700 _aইসলাম, ড.মোঃ রবিউল.
942 _2lcc
_cBK